[Event "Serbia Championship 2006"]
[Site "Vrnjacka Banja"]
[Date "2006.01.30"]
[Round "1"]
[White "Savic, Miodrag R"]
[Black "Irizanin, Radoje"]
[Result "1-0"]
[WhiteElo "2517"]
[BlackElo "2260"]
[PlyCount "77"]
[EventDate "2006.??.??"]

1. e4 c5 2. c3 d6 3. d4 Qc7 4. dxc5 Qxc5 5. Na3 a6 6. Nc4 Nd7 7. a4 Ngf6 8. Be3
Qc6 9. f3 e5 10. Bf2 d5 11. exd5 Nxd5 12. Na5 Qd6 13. Qd2 N7f6 14. Nc4 Qc7 15.
Bg3 Nf4 16. O-O-O Be6 17. Nxe5 Qxe5 18. Qxf4 Qa5 19. Bc4 Nh5 20. Qe4 Nxg3 21.
hxg3 Qf5 22. Bxe6 Qxe6 23. Qxb7 Rc8 24. Qd5 Qxd5 25. Rxd5 Bc5 26. Nh3 O-O 27.
Re1 g6 28. Kc2 Kg7 29. g4 h6 30. Nf4 Bf2 31. Re7 Kf6 32. Rdd7 Bc5 33. Nd5+ Kg7
34. Re4 Rc6 35. Rc4 Re8 36. Rc7 Re2+ 37. Kd3 Re3+ 38. Nxe3 Rxc7 39. Nd5 1-0

[Event "Serbia Championship 2006"]
[Site "Vrnjacka Banja"]
[Date "2006.01.30"]
[Round "1"]
[White "Stojanovic, Zlatko"]
[Black "Abramovic, Bosko"]
[Result "0-1"]
[WhiteElo "2258"]
[BlackElo "2507"]
[PlyCount "80"]
[EventDate "2006.??.??"]

1. e4 e5 2. Nf3 Nc6 3. Bb5 Nf6 4. O-O Be7 5. Nc3 d6 6. d4 Bd7 7. h3 O-O 8. Be3
a6 9. Bxc6 Bxc6 10. Qd3 exd4 11. Bxd4 Re8 12. Rad1 Nd7 13. Nd5 Bxd5 14. exd5
Bf6 15. Rfe1 Bxd4 16. Qxd4 Qf6 17. Qa4 Rxe1+ 18. Rxe1 Qd8 19. c4 h6 20. b4 Nf6
21. Nd4 Qd7 22. b5 Re8 23. Qd1 Rxe1+ 24. Qxe1 axb5 25. Nxb5 Nxd5 26. Nxd6 Qxd6
27. Qe8+ Qf8 28. Qd7 Nc3 29. Qxc7 Qa8 30. a3 Ne2+ 31. Kh2 Nd4 32. Qd6 Nc6 33.
Qd7 g6 34. g3 h5 35. h4 Kg7 36. Qc7 Qa7 37. Kg2 Qa8 38. Kh2 Kg8 39. Qd7 Qxa3
40. Qxb7 Qc5 0-1

[Event "Serbia Championship 2006"]
[Site "Vrnjacka Banja"]
[Date "2006.01.30"]
[Round "1"]
[White "Kahrovic, Mersid"]
[Black "Milanovic, Danilo"]
[Result "0-1"]
[WhiteElo "2253"]
[BlackElo "2486"]
[PlyCount "60"]
[EventDate "2006.??.??"]

1. e4 c5 2. Nf3 Nc6 3. d4 cxd4 4. Nxd4 Nf6 5. Nc3 e5 6. Nb3 Bb4 7. Bg5 h6 8.
Bxf6 Qxf6 9. Qd3 O-O 10. a3 Bxc3+ 11. Qxc3 d6 12. Qg3 Be6 13. Nd2 d5 14. Bd3
Rad8 15. f3 dxe4 16. fxe4 Rd7 17. Nf3 Qd8 18. O-O-O Qa5 19. Nh4 Kh8 20. Rhf1
Rc8 21. Nf5 Bxf5 22. exf5 f6 23. Be4 Nd4 24. Kb1 Rdc7 25. c3 Rxc3 26. Rd3 Rc1+
27. Rxc1 Rxc1+ 28. Ka2 Qb5 29. Rc3 Ne2 30. Rb3 Nxg3 0-1

[Event "Serbia Championship 2006"]
[Site "Vrnjacka Banja"]
[Date "2006.01.30"]
[Round "1"]
[White "Vratonjic, Slobo"]
[Black "Jovanovic, Milos"]
[Result "1-0"]
[WhiteElo "2473"]
[BlackElo "2239"]
[PlyCount "46"]
[EventDate "2006.??.??"]

1. e4 c5 2. Nf3 Nf6 3. e5 Nd5 4. Nc3 e6 5. Ne4 f5 6. Nc3 Nc6 7. Bb5 g5 8. Nxd5
exd5 9. Bxc6 dxc6 10. d3 f4 11. h4 g4 12. Ng1 Bg7 13. Bxf4 O-O 14. Qd2 Qe7 15.
Ne2 Bxe5 16. Bxe5 Qxe5 17. O-O Qh5 18. g3 Rf3 19. Nf4 Qh6 20. Rfe1 Bd7 21. Re7
Rf8 22. Rxd7 R3xf4 23. gxf4 Qe6 1-0

[Event "Serbia Championship 2006"]
[Site "Vrnjacka Banja"]
[Date "2006.01.30"]
[Round "1"]
[White "Arsovic, Goran"]
[Black "Maksimovic, Miroslav"]
[Result "1-0"]
[WhiteElo "2450"]
[BlackElo "2212"]
[PlyCount "93"]
[EventDate "2006.??.??"]

1. d4 Nf6 2. Nf3 g6 3. c4 Bg7 4. g3 O-O 5. Bg2 d6 6. O-O c5 7. dxc5 dxc5 8. Ne5
Nfd7 9. Nd3 Ne5 10. Nxc5 Qc7 11. Nd3 Qxc4 12. Na3 Qg4 13. h3 Qf5 14. Nf4 Nbc6
15. Nd5 Qh5 16. Nf4 Qf5 17. Nd5 Qh5 18. f4 Bxh3 19. fxe5 Bxg2 20. Kxg2 Rad8 21.
e4 Qxe5 22. Qe1 e6 23. Nc3 Nb4 24. Qe2 Nd3 25. Bf4 Qc5 26. Be3 Qb4 27. Bg5 Rd7
28. Rad1 h6 29. Rxd3 Rxd3 30. Qxd3 hxg5 31. Nab1 Qxb2+ 32. Rf2 Qb4 33. Rc2 Be5
34. Qb5 Qd6 35. Rd2 Qb8 36. Qd3 Rc8 37. Nd1 b5 38. Nf2 Rc1 39. Rd1 Rc4 40. Qe3
b4 41. Qxg5 Rd4 42. Rxd4 Bxd4 43. Ng4 Qc7 44. Nd2 Qc3 45. e5 Qc6+ 46. Nf3 Qe4
47. Nf6+ 1-0

[Event "Serbia Championship 2006"]
[Site "Vrnjacka Banja"]
[Date "2006.01.30"]
[Round "1"]
[White "Marcetic, Predrag"]
[Black "Muratovic, Alija"]
[Result "1/2-1/2"]
[WhiteElo "2208"]
[BlackElo "2437"]
[PlyCount "109"]
[EventDate "2006.??.??"]

1. e4 e5 2. Nf3 Nc6 3. Bb5 a6 4. Bxc6 dxc6 5. d4 exd4 6. Qxd4 Qxd4 7. Nxd4 Bd7
8. Be3 O-O-O 9. Nd2 Re8 10. f3 Ne7 11. Kf2 c5 12. Ne2 b6 13. g4 h5 14. h3 Ng6
15. Nf4 Nxf4 16. Bxf4 g6 17. Rae1 Bg7 18. c3 Be6 19. g5 Kb7 20. a3 Rd8 21. h4
Rd3 22. e5 Rhd8 23. Re2 Bf8 24. Ne4 c4 25. Rhe1 a5 26. Rd2 b5 27. Rxd3 Rxd3 28.
Be3 Rd5 29. f4 Be7 30. Re2 b4 31. axb4 axb4 32. cxb4 Bxb4 33. Rc2 Rd1 34. Rc1
Be1+ 35. Kg2 Rxc1 36. Bxc1 Bxh4 37. Nc5+ Kc6 38. Nxe6 fxe6 39. Bd2 Kd5 40. Kf3
Bxg5 41. fxg5 Kxe5 42. Bf4+ Kf5 43. Bxc7 e5 44. Bb8 h4 45. Bc7 Kxg5 46. Bxe5
Kf5 47. Bc7 g5 48. Bd8 g4+ 49. Kg2 h3+ 50. Kg3 Ke5 51. Kxg4 h2 52. Bc7+ Kd4 53.
Bxh2 c3 54. Be5+ Kxe5 55. bxc3 1/2-1/2

[Event "Serbia Championship 2006"]
[Site "Vrnjacka Banja"]
[Date "2006.01.30"]
[Round "1"]
[White "Tosic, Miroslav"]
[Black "Mrsevic, Miroslav"]
[Result "1-0"]
[WhiteElo "2434"]
[BlackElo "2202"]
[PlyCount "79"]
[EventDate "2006.??.??"]

1. d4 Nf6 2. g3 g6 3. Bg2 Bg7 4. e4 d6 5. Nc3 O-O 6. h3 Na6 7. Be3 c5 8. e5 Nd7
9. exd6 exd6 10. Nge2 Nc7 11. O-O c4 12. a4 Nf6 13. d5 Na6 14. Nd4 Re8 15. Qe2
Nh5 16. Qd2 Nc5 17. Rfe1 Nf6 18. Bg5 a6 19. Rxe8+ Qxe8 20. Re1 Qf8 21. Qe2 Bd7
22. Qxc4 Qc8 23. Kh2 Nxa4 24. Nc6 Nxb2 25. Ne7+ Kf8 26. Qf4 Qxc3 27. Re3 Nh5
28. Nxg6+ Kg8 29. Ne7+ Kf8 30. Qh4 Qxc2 31. Qxh5 f6 32. Bxf6 Bxf6 33. Qh6+ Bg7
34. Qf4+ Ke8 35. Nc6+ Be5 36. Nxe5 dxe5 37. Rxe5+ Kd8 38. Qf8+ Kc7 39. d6+ Kb6
40. Qxa8 1-0

[Event "Serbia Championship 2006"]
[Site "Vrnjacka Banja"]
[Date "2006.01.30"]
[Round "1"]
[White "Pantic, Ivica"]
[Black "Arsovic, Zoran"]
[Result "1/2-1/2"]
[WhiteElo "2201"]
[BlackElo "2417"]
[PlyCount "71"]
[EventDate "2006.??.??"]

1. d4 Nf6 2. c4 g6 3. Nc3 Bg7 4. e4 d6 5. f3 O-O 6. Be3 a6 7. Qd2 Nbd7 8. O-O-O
b5 9. e5 Ne8 10. h4 c5 11. exd6 Nxd6 12. dxc5 Nf5 13. c6 Nxe3 14. Qxe3 Qb6 15.
Qxb6 Nxb6 16. c5 Na4 17. Nxa4 bxa4 18. Bc4 Bf5 19. Nh3 Rab8 20. b3 axb3 21.
axb3 Bxh3 22. Rxh3 Rfc8 23. Rd7 Rxc6 24. Rxe7 Rxc5 25. Kd1 Rd8+ 26. Ke2 Bh6 27.
f4 Rd4 28. Rf3 Rxf4 29. Rxf4 Bxf4 30. Kf3 Bd6 31. Bxf7+ Kf8 32. Rd7 Rf5+ 33.
Ke4 Rf4+ 34. Ke3 Rxh4 35. Rxd6 Kxf7 36. Rxa6 1/2-1/2

[Event "Serbia Championship 2006"]
[Site "Vrnjacka Banja"]
[Date "2006.01.30"]
[Round "1"]
[White "Zlatic, Mihajlo"]
[Black "Brajovic, Miroljub"]
[Result "1-0"]
[WhiteElo "2417"]
[BlackElo "2192"]
[PlyCount "57"]
[EventDate "2006.??.??"]

1. e4 d5 2. exd5 Nf6 3. d4 Qxd5 4. Nc3 Qd8 5. Bg5 c6 6. Bc4 e6 7. Nf3 Be7 8.
O-O O-O 9. Re1 b6 10. Qe2 a5 11. Ne5 Nd5 12. Bxe7 Nxc3 13. bxc3 Qxe7 14. a4 Qc7
15. Rab1 Ba6 16. Rb3 Bxc4 17. Qxc4 Ra7 18. Reb1 Rb7 19. Nd3 Nd7 20. Nc5 Nxc5
21. dxc5 Rfb8 22. Qa6 b5 23. axb5 cxb5 24. c6 Ra7 25. Rxb5 Rxb5 26. Qxb5 h6 27.
Rd1 Qf4 28. g3 Qf3 29. Rd3 1-0

[Event "Serbia Championship 2006"]
[Site "Vrnjacka Banja"]
[Date "2006.01.30"]
[Round "1"]
[White "Certic, Branimir"]
[Black "Tasic, Zoran"]
[Result "1-0"]
[WhiteElo "2405"]
[BlackElo "2188"]
[PlyCount "99"]
[EventDate "2006.??.??"]

1. d4 e6 2. e4 d5 3. Nc3 Bb4 4. Nge2 Nc6 5. Bd2 Nf6 6. e5 Nd7 7. a3 Ba5 8. Na4
b5 9. Bxa5 bxa4 10. Bc3 Ba6 11. h4 Qe7 12. Rh3 O-O 13. Nf4 Bxf1 14. Kxf1 f6 15.
Qg4 Rae8 16. Re1 fxe5 17. dxe5 d4 18. Bb4 Nxb4 19. axb4 Rf5 20. Nd3 c5 21. bxc5
Nxc5 22. Qxd4 Nxd3 23. Rxd3 Ref8 24. f3 Rf4 25. Re4 Qxh4 26. Rxf4 Qxf4 27. Qxf4
Rxf4 28. Rd8+ Kf7 29. Rb8 Rc4 30. c3 a3 31. bxa3 Rxc3 32. Rb7+ Kg6 33. Rxa7 Rc5
34. f4 Rc4 35. g3 Rc2 36. Re7 Rc3 37. Rxe6+ Kf7 38. Ra6 Rxg3 39. Kf2 Rc3 40. a4
Rh3 41. Ra7+ Kg6 42. e6 Rh2+ 43. Kf3 Rh1 44. Rf7 Re1 45. f5+ Kg5 46. a5 g6 47.
a6 gxf5 48. a7 Ra1 49. e7 Rxa7 50. e8=Q 1-0

[Event "Serbia Championship 2006"]
[Site "Vrnjacka Banja"]
[Date "2006.01.30"]
[Round "1"]
[White "Pap, Misa"]
[Black "Dodic, Dragan"]
[Result "1-0"]
[WhiteElo "2402"]
[BlackElo "2177"]
[PlyCount "57"]
[EventDate "2006.??.??"]

1. e4 c6 2. d4 d5 3. Nd2 dxe4 4. Nxe4 Bf5 5. Ng3 Bg6 6. h4 h6 7. Nf3 Nd7 8. h5
Bh7 9. Bd3 Bxd3 10. Qxd3 e6 11. Bd2 Ngf6 12. O-O-O Be7 13. Kb1 Qc7 14. Ne4 Nxe4
15. Qxe4 Nf6 16. Qe2 O-O-O 17. g3 Rhe8 18. c4 c5 19. dxc5 Bxc5 20. Bf4 Bd6 21.
Rxd6 Rxd6 22. c5 Qxc5 23. Rc1 Qxc1+ 24. Bxc1 Nd5 25. Qe5 Rb6 26. Qxg7 f6 27.
Qxh6 Kb8 28. Bd2 Rc6 29. Qg6 1-0

[Event "Serbia Championship 2006"]
[Site "Vrnjacka Banja"]
[Date "2006.01.30"]
[Round "1"]
[White "Muratovic, Dzemail"]
[Black "Nestorovic, Dejan"]
[Result "0-1"]
[WhiteElo "2177"]
[BlackElo "2399"]
[PlyCount "68"]
[EventDate "2006.??.??"]

1. d4 Nf6 2. c4 e6 3. Nf3 d5 4. Bg5 Nbd7 5. Nc3 Bb4 6. e3 c5 7. Qc2 Qa5 8. Bxf6
Nxf6 9. Nd2 cxd4 10. exd4 O-O 11. Bd3 dxc4 12. Nxc4 Qd5 13. O-O-O Bxc3 14. bxc3
Bd7 15. Ne3 Qa5 16. Nc4 Qc7 17. Kb1 Rfc8 18. Ne5 b5 19. g4 Be8 20. g5 Nd5 21.
Bxh7+ Kf8 22. c4 bxc4 23. Ka1 Qa5 24. Rc1 Nb4 25. Qb2 c3 26. Qb3 Rab8 27. Ng6+
fxg6 28. Qxe6 Rc6 29. Qg8+ Ke7 30. Rhe1+ Kd6 31. Re6+ Kc7 32. Qxg7+ Kb6 33.
Rxc6+ Bxc6 34. Bg8 Qa3 0-1

[Event "Serbia Championship 2006"]
[Site "Vrnjacka Banja"]
[Date "2006.01.30"]
[Round "1"]
[White "Maksimovic, Branimir"]
[Black "Jevtic, Miroljub L"]
[Result "1-0"]
[WhiteElo "2382"]
[BlackElo "2153"]
[PlyCount "71"]
[EventDate "2006.??.??"]

1. d4 Nf6 2. Nf3 e6 3. c4 b6 4. Nc3 Bb4 5. Bg5 h6 6. Bh4 Bb7 7. e3 O-O 8. Bd3
d5 9. cxd5 exd5 10. O-O Nbd7 11. Ne5 Be7 12. f4 c5 13. Qf3 a6 14. Rad1 b5 15.
a3 b4 16. axb4 cxb4 17. Na4 Nxe5 18. dxe5 Nd7 19. Bxe7 Qxe7 20. Rc1 Rac8 21.
Bf5 Rc6 22. Bxd7 Qxd7 23. Nc5 Qc7 24. Nb3 Rc4 25. Qg3 a5 26. Ra1 Rc2 27. Nd4
Rxb2 28. Nf5 g6 29. Nxh6+ Kh7 30. Qh3 Kg7 31. Nf5+ gxf5 32. Qg3+ Kh7 33. Qh4+
Kg7 34. Qg5+ Kh8 35. Rf3 f6 36. Qh6+ 1-0

[Event "Serbia Championship 2006"]
[Site "Vrnjacka Banja"]
[Date "2006.01.30"]
[Round "1"]
[White "Zivkovic, Momcilo"]
[Black "Nestorovic, Nikola D"]
[Result "0-1"]
[WhiteElo "2151"]
[BlackElo "2361"]
[PlyCount "80"]
[EventDate "2006.??.??"]

1. e4 c5 2. Nf3 e6 3. d4 cxd4 4. Nxd4 a6 5. c4 Nf6 6. Bd3 Nc6 7. Nxc6 dxc6 8.
O-O e5 9. Nc3 Be6 10. h3 Be7 11. Be3 Nd7 12. Qe2 O-O 13. Rfd1 Bg5 14. b4 Bf4
15. c5 Qg5 16. Qf3 Rfd8 17. Rd2 a5 18. Bxf4 exf4 19. Ne2 Ne5 20. Qxf4 Nf3+ 21.
Qxf3 Qxd2 22. Nf4 Qxb4 23. Rb1 Qxc5 24. Nxe6 fxe6 25. Rxb7 Rf8 26. Qg3 Rf7 27.
Rxf7 Kxf7 28. e5 Kg8 29. Qh4 Qc1+ 30. Kh2 Qh6 31. Qxh6 gxh6 32. Bc4 Kf7 33. f4
Ke7 34. g4 Rd8 35. Kg3 Rd4 36. Bb3 c5 37. Kf3 c4 38. Bc2 Rd2 39. Bxh7 c3 40.
Ke3 Rxa2 0-1

[Event "Serbia Championship 2006"]
[Site "Vrnjacka Banja"]
[Date "2006.01.30"]
[Round "1"]
[White "Misailovic, Nebojsa"]
[Black "Radosavljevic, Novica"]
[Result "1-0"]
[WhiteElo "2342"]
[BlackElo "2142"]
[PlyCount "45"]
[EventDate "2006.??.??"]

1. e4 d6 2. d4 g6 3. f4 c6 4. Nf3 Bg7 5. Be2 Nf6 6. Nc3 O-O 7. O-O Qb6 8. Kh1
Bg4 9. e5 Nd5 10. Ne4 Qc7 11. Qe1 Bf5 12. Bd3 c5 13. Qh4 f6 14. g4 Bd7 15. exd6
exd6 16. Bc4 Be6 17. Neg5 fxg5 18. Nxg5 Bf6 19. Nxe6 Qe7 20. Ng5 Bxg5 21. Bxd5+
Kg7 22. Qh3 Bf6 23. g5 1-0

[Event "Serbia Championship 2006"]
[Site "Vrnjacka Banja"]
[Date "2006.01.30"]
[Round "1"]
[White "Ristovic, Mileta"]
[Black "Kojovic, Dragan"]
[Result "0-1"]
[WhiteElo "2132"]
[BlackElo "2341"]
[PlyCount "80"]
[EventDate "2006.??.??"]

1. Nf3 Nf6 2. c4 g6 3. Nc3 Bg7 4. d4 d5 5. Bf4 O-O 6. e3 c5 7. Be2 Nc6 8. O-O
dxc4 9. dxc5 Qa5 10. Qa4 Qxc5 11. Qxc4 Qxc4 12. Bxc4 Na5 13. Be2 Be6 14. Nd4
Bc4 15. b3 Bxe2 16. Ncxe2 Nd5 17. Bg3 Rac8 18. Rac1 a6 19. Rxc8 Rxc8 20. Rc1
Rxc1+ 21. Nxc1 Bxd4 22. exd4 Nc6 23. Nd3 b6 24. Kf1 Nxd4 25. Be5 Nc6 26. Bb2 f6
27. Ke2 e5 28. g3 Kf7 29. a3 Ke6 30. Nc1 Kf5 31. h3 Ke6 32. Kd3 f5 33. Kc4 g5
34. Kd3 e4+ 35. Kd2 f4 36. Ne2 h5 37. Bg7 Kf5 38. Bh6 f3 39. Nc1 Nd4 40. Bg7
e3+ 0-1

[Event "Serbia Championship 2006"]
[Site "Vrnjacka Banja"]
[Date "2006.01.30"]
[Round "1"]
[White "Bojovic, Dusan"]
[Black "Nikolic, Stanimir"]
[Result "0-1"]
[WhiteElo "2116"]
[BlackElo "2306"]
[PlyCount "104"]
[EventDate "2006.??.??"]

1. e4 d6 2. d4 c6 3. Nc3 Nd7 4. Nf3 e5 5. dxe5 dxe5 6. Bc4 Be7 7. O-O Ngf6 8.
Ng5 O-O 9. f4 h6 10. Nxf7 Rxf7 11. Bxf7+ Kxf7 12. fxe5 Nxe5 13. Qh5+ Ng6 14.
Be3 Qd6 15. Rad1 Qe5 16. Qxe5 Nxe5 17. Bf4 Ke6 18. Ne2 Bc5+ 19. Nd4+ Bxd4+ 20.
Rxd4 Nf7 21. Bc7 b6 22. a4 c5 23. Rd2 Ba6 24. Re1 Rc8 25. Bg3 Bb7 26. e5 Ne4
27. Rd3 Re8 28. Rde3 Nxg3 29. Rxg3 g5 30. Rge3 Rg8 31. c4 g4 32. a5 Ba6 33.
axb6 axb6 34. b3 Bb7 35. b4 Ba6 36. bxc5 bxc5 37. Rb3 Bxc4 38. Rb6+ Kd5 39. e6
Ne5 40. e7 Re8 41. Rb7 Bd3 42. Ra1 h5 43. Kf2 c4 44. Ke3 Ke6 45. Ra6+ Kf7 46.
Rh6 Bg6 47. Kf4 Kg7 48. Kxe5 Kxh6 49. Rc7 c3 50. Kd6 c2 51. Kd7 Ra8 52. Rc3 Kg5
0-1

[Event "Serbia Championship 2006"]
[Site "Vrnjacka Banja"]
[Date "2006.01.30"]
[Round "1"]
[White "Toth, Aleksandar"]
[Black "Bozilov, Novica"]
[Result "1-0"]
[WhiteElo "2302"]
[BlackElo "2023"]
[PlyCount "55"]
[EventDate "2006.??.??"]

1. e4 e5 2. Nf3 Nf6 3. Nxe5 d6 4. Nf3 Nxe4 5. Nc3 Nxc3 6. dxc3 Be7 7. Bf4 O-O
8. Qd2 Nd7 9. O-O-O Nc5 10. Be3 Bg4 11. Be2 c6 12. h3 Bxf3 13. Bxf3 Qa5 14. Kb1
Ne6 15. Rhe1 d5 16. g4 b5 17. a3 Qa4 18. Qd3 a5 19. Bc1 Qc4 20. Qxc4 bxc4 21.
Bg2 Rfb8 22. Ka2 Rb7 23. f4 Rab8 24. f5 Nc5 25. Re2 Bd6 26. Rde1 Kf8 27. f6 Na4
28. Re8+ 1-0

[Event "Serbia Championship 2006"]
[Site "Vrnjacka Banja"]
[Date "2006.01.30"]
[Round "1"]
[White "Rosandic, Martin"]
[Black "Mihalj, Miroslav M"]
[Result "0-1"]
[WhiteElo "1857"]
[BlackElo "2299"]
[PlyCount "78"]
[EventDate "2006.??.??"]

1. e4 c5 2. c3 d5 3. exd5 Qxd5 4. Nf3 Nc6 5. d4 cxd4 6. cxd4 e6 7. Nc3 Bb4 8.
Qd3 Nf6 9. Bd2 Qd8 10. a3 Be7 11. Bg5 O-O 12. Rd1 b6 13. Qb1 Bb7 14. Bd3 h6 15.
Bh4 Nd5 16. Bg3 Nxc3 17. bxc3 Bxa3 18. O-O Bd6 19. Ne5 Rc8 20. Be4 Qc7 21. Bh7+
Kh8 22. f4 Ne7 23. f5 f6 24. Ng6+ Kxh7 25. Nxf8+ Rxf8 26. Bxd6 Qxd6 27. fxe6+
f5 28. Rde1 Rf6 29. Qb3 Bd5 30. c4 Bxe6 31. d5 Bd7 32. Qc2 Qc5+ 33. Rf2 Nc8 34.
g4 Nd6 35. Re7 Bc8 36. Qd3 Ne4 37. Rxe4 Qxf2+ 38. Kh1 fxe4 39. Qxe4+ Bf5 0-1